000 00723nam a2200289Ia 4500
005 20260324123915.0
008 008 260324s9999 xx 000 0 eng d
020 _a9781315553146
037 _aEBOOK
040 _aCRL
040 _beng
040 _cCRL
041 _2eng
041 _aeng
084 _qCRL
100 _aYvonne Barnard; Ralf Risser
_91172112
245 4 _aThe Safety of Intelligent Driver Support Systems
245 0 _bDesign, Evaluation and Social Perspectives
260 _bTaylor and Francis
260 _c2011
365 _a
365 _b340
856 _uhttp://www.taylorfrancis.com/books/9781315553146
942 _cEBOOK
999 _c1766030
_d1766030